000 00391cam a22001097a 4500
008 180718b1962 xxu||||| |||| 00| 0 eng d
082 _aT000x5452 M267f/2 c.2
245 _aProceedings of the second state level conference of planning forums, Madras state
_cby Finance Department, Madras
260 _aMadras
_bGovernment of Madras
_c1962
300 _a81p.
700 _aMadras. Finance Department
999 _c497187
_d497187